[Event "4NCL/Div1/NWE1 vs. WGR2"]
[Site "Birmingham ENG"]
[Date "2006.05.01"]
[Round "11.5"]
[White "Morrison, Graham"]
[Black "Cramling, Pia"]
[Result "1/2-1/2"]
[WhiteElo "2326"]
[BlackElo "2520"]
[PlyCount "83"]
[EventDate "2006.05.01"]
[EventType "team"]
[EventRounds "11"]
[EventCountry "ENG"]
[WhiteTeam "N W Eagles 1"]
[BlackTeam "Wood Green 2"]

1. e4 c5 2. Nf3 e6 3. d4 cxd4 4. Nxd4 a6 5. Bd3 Bc5 6. Nb3 Ba7 7. Qe2 Nc6 8.
Be3 Nge7 9. f4 d6 10. O-O O-O 11. Kh1 Bxe3 12. Qxe3 Qc7 13. Nc3 b5 14. Rae1 b4
15. Nd1 a5 16. Qh3 Ba6 17. Ne3 a4 18. Nd2 Bxd3 19. cxd3 b3 20. a3 f5 21. exf5
exf5 22. Nf3 h6 23. Qg3 Rae8 24. Qf2 Qa7 25. Nc4 Qxf2 26. Rxf2 Nd5 27. Rxe8
Rxe8 28. g3 Re6 29. Kg1 Kf7 30. Rd2 Kf6 31. h4 Ke7 32. Kf2 Kd7 33. Re2 Rf6 34.
Re1 Rf8 35. Rc1 Re8 36. Re1 Rb8 37. Ke2 Nf6 38. Kd2 Nh5 39. Rg1 Nf6 40. Ne3 Rb5
41. Rc1 g6 42. Nd1 1/2-1/2

[Event "4NCL/Div1/NWE1 vs. WGR2"]
[Site "Birmingham ENG"]
[Date "2006.05.01"]
[Round "11.6"]
[White "Turner, Matthew J"]
[Black "Lund, D Brett"]
[Result "1-0"]
[WhiteElo "2495"]
[BlackElo "2247"]
[PlyCount "63"]
[EventDate "2006.05.01"]
[EventType "team"]
[EventRounds "11"]
[EventCountry "ENG"]
[WhiteTeam "Wood Green 2"]
[BlackTeam "N W Eagles 1"]

1. d4 c5 2. d5 e6 3. Nc3 d6 4. e4 exd5 5. Nxd5 Nf6 6. Nf3 Be7 7. Bc4 O-O 8. O-O
Nxd5 9. Bxd5 Nc6 10. h3 Be6 11. c3 Qd7 12. Bf4 Rad8 13. Re1 Bf6 14. Qd2 Ne7 15.
Bb3 Ng6 16. Bg3 Be5 17. Bh2 Bxh2+ 18. Nxh2 c4 19. Bc2 Qb5 20. a4 Qh5 21. Bd1
Qc5 22. Nf3 d5 23. e5 Ne7 24. Bc2 Nc6 25. Ng5 h6 26. Nh7 Rfe8 27. Nf6+ gxf6 28.
exf6 Qf8 29. Re3 Ne7 30. fxe7 Rxe7 31. Rg3+ Kh8 32. Qf4 1-0

[Event "4NCL/Div1/NWE1 vs. WGR2"]
[Site "Birmingham ENG"]
[Date "2006.05.01"]
[Round "11.7"]
[White "Kennaugh, Charles W"]
[Black "Pert, Richard G"]
[Result "1-0"]
[WhiteElo "2274"]
[BlackElo "2430"]
[PlyCount "111"]
[EventDate "2006.05.01"]
[EventType "team"]
[EventRounds "11"]
[EventCountry "ENG"]
[WhiteTeam "N W Eagles 1"]
[BlackTeam "Wood Green 2"]

1. e4 c5 2. Nf3 Nc6 3. Nc3 g6 4. Bb5 Bg7 5. O-O Nd4 6. Nxd4 cxd4 7. Ne2 Nf6 8.
d3 O-O 9. c3 dxc3 10. bxc3 d6 11. Rb1 Be6 12. Ba4 Rc8 13. Bb3 Bxb3 14. Qxb3 b5
15. Be3 a5 16. Nd4 Qd7 17. Nxb5 Ng4 18. Bd2 Qc6 19. c4 a4 20. Qxa4 f5 21. Qd1
Ra8 22. Bg5 Qd7 23. exf5 gxf5 24. h3 Ne5 25. Qd2 Ng6 26. Nc3 f4 27. Nd5 e5 28.
Qe2 Rae8 29. Qh5 Rf7 30. Rb6 e4 31. dxe4 Bd4 32. c5 Bxc5 33. Rb3 Qe6 34. Rf3
Qe5 35. Qh6 Ref8 36. Re1 Bd4 37. h4 Qe8 38. Bxf4 Bg7 39. Qg5 Kh8 40. h5 Nxf4
41. Rxf4 Bd4 42. Re2 Rg8 43. Qh4 Rfg7 44. Ne3 Qb5 45. Rd2 Qb1+ 46. Kh2 Be5 47.
g3 Qe1 48. Rc2 Rb7 49. Rf5 Rb1 50. Kg2 Bd4 51. h6 Rxg3+ 52. fxg3 Qg1+ 53. Kh3
Rb8 54. Qf4 Rg8 55. Rf8 Qh1+ 56. Rh2 1-0

[Event "4NCL/Div1/NWE1 vs. WGR2"]
[Site "Birmingham ENG"]
[Date "2006.05.01"]
[Round "11.8"]
[White "Arakhamia-Grant, Ketevan"]
[Black "Lyell, Mark"]
[Result "1-0"]
[WhiteElo "2423"]
[BlackElo "2235"]
[PlyCount "29"]
[EventDate "2006.05.01"]
[EventType "team"]
[EventRounds "11"]
[EventCountry "ENG"]
[WhiteTeam "Wood Green 2"]
[BlackTeam "N W Eagles 1"]

1. e4 e5 2. Nf3 Nc6 3. Bb5 a6 4. Ba4 Nf6 5. d3 Bc5 6. O-O b5 7. Bb3 d6 8. a4
Bg4 9. c3 O-O 10. h3 Bh5 11. Bg5 h6 12. Bxf6 Qxf6 13. Bd5 Na7 14. Bxa8 Rxa8 15.
b4 1-0